000 00831nam a2200253 i 4500
001 11416
003 ES-MaACL
005 20250831061859.0
007 t|
008 921105s1992 sp |||| | spa j
020 _a84-7100-480-1
080 _a271.3(8=60)"14/17"
100 1 _aAbad Pérez, Antolín,
_d1918-2007
_917934
245 1 4 _aLos franciscanos en América /
_cAntolín Abad Pérez.
260 _aMadrid :
_bMAPFRE,
_c[1992]
300 _a318 p. :
_bmap. ;
_c23 cm.
490 1 _aIglesia Católica en el Nuevo Mundo ;
_v11
500 _aÍndices.
504 _aBibliografía: p. 298-302.
610 2 4 _aFranciscanos-
_zAmérica española-
_vHistoria.
_9168998
830 0 0 _aColección Iglesia Católica en el Nuevo Mundo (Mapfre)
_v11
_9179065
852 _aES-MaACL
_jL-18741
999 _c11416
_d11416